Alien el octavo pasajero /

De regreso a la Tierra, la nave de carga Nostromo interrumpe su viaje y despierta a sus siete tripulantes. El ordenador central, MADRE, ha detectado la misteriosa transmisión de una forma de vida desconocida, procedente de un planeta cercano aparentemente deshabitado. La nave se dirige entonces al e...

Descripción completa

Guardado en:
Autor Principal: Scott, Ridley.
Autor Corporativo: Brandywine Productions.
Otros Autores: O'Bannon, Dan; Guion., Goldsmith, Jerry; Música., Skerritt, Tom; Reparto., Weaver, Sigourney; Reparto., Cartwright, Veronica; Reparto., Stanton, Harry Dean; Reparto., Hurt, John; Reparto.
Formato: Deslizar
Idioma:Undetermined
Publicado: Estados Unidos : 20th Century Fox, 1979.
Materias:
Etiquetas: Agregar Etiqueta
Sin Etiquetas, Sea el primero en etiquetar este registro!
LEADER 01442ngm a22002895a 4500
001 CEM.cems020398
008 230830s1979####xx#---############vlund#d
005 20230830195357.0
245 1 0 |a Alien  |h [videograbación] :  |b el octavo pasajero /  |c Ridley Scott. 
260 |a Estados Unidos :  |b 20th Century Fox,  |c 1979. 
300 |a 116'. 
520 |a De regreso a la Tierra, la nave de carga Nostromo interrumpe su viaje y despierta a sus siete tripulantes. El ordenador central, MADRE, ha detectado la misteriosa transmisión de una forma de vida desconocida, procedente de un planeta cercano aparentemente deshabitado. La nave se dirige entonces al extraño planeta para investigar el origen de la comunicación. 
590 |a Identificación anterior: 127 
538 |a Soporte: DVD -- Formato: DVD – Peso: 4.36gb -- Resolución: 720 x 480 -- 29.97fps 
500 |a Título original: Alien – Idioma: Inglés – Subtítulos: Español, Inglés, Portugués. 
100 1 |a Scott, Ridley. 
700 1 |a O'Bannon, Dan; Guion. 
700 1 |a Goldsmith, Jerry; Música. 
700 1 |a Skerritt, Tom; Reparto. 
700 1 |a Weaver, Sigourney; Reparto. 
700 1 |a Cartwright, Veronica; Reparto. 
700 1 |a Stanton, Harry Dean; Reparto. 
700 1 |a Hurt, John; Reparto. 
710 2 |a Brandywine Productions. 
653 |a LARGOMETRAJE 
653 |a FICCIÓN 
859 |a CEMS  |b BIB. CEMS - Depto. Recursos Didacticos  |h 778.5  |i SCO-2  |k DRD  |p 3081.23  |t Ej.1